Statystyki dla Państwa po niemiecku

Kliknij tutaj aby rozwiązać quiz!

Ogólne statystyki

  • Ten quiz został rozwiązany 430 razy
  • Średni wynik to 15 z 18

Statystyki odpowiedzi

niemiecka nazwapolska nazwa% Poprawnych
ItalienWłochy
99%
BulgarienBułgaria
95%
FinnlandFinlandia
93%
SlowenienSłowenia
91%
ÖsterreichAustria
90%
LuxemburgLuksemburg
90%
DänemarkDania
89%
PalästinaPalestyna
87%
Saudi-ArabienArabia Saudyjska
84%
MosambikMozambik
81%
KroatienChorwacja
80%
AserbaidschanAzerbejdżan
78%
EstlandEstonia
78%
NordmazedonienMacedonia Północna
70%
WeißrusslandBiałoruś
67%
LettlandŁotwa
63%
UngarnWęgry
61%
SalomonenWyspy Salomona
58%

Rozkład punktacji

Percentyl według liczby udzielonych odpowiedzi

Procent ludzi z każdym wynikiem

Twoja historia wyników

Nie rozwiązałeś tego quizu